| 000 | 00698nam a2200253Ia 4500 | ||
|---|---|---|---|
| 003 | OSt | ||
| 005 | 20240525103548.0 | ||
| 008 | 210716s2003 xx 000 0 und d | ||
| 020 | _a9798126116404 | ||
| 040 | _cAIMIT LIBRARY | ||
| 041 | _aeng | ||
| 082 |
_a005.73 _21 _bDAWS |
||
| 100 |
_aDawra, Sudhir. _9167698 |
||
| 245 |
_aData structure in c. _cEdited by Sudhir Dawra. |
||
| 250 | _a1st ed. | ||
| 260 |
_aNew Delhi : _bAnmol Publications Pvt Ltd , _c2003. |
||
| 300 |
_a250 p.; _bHB _c23 cm. |
||
| 650 |
_aArrays _9167699 |
||
| 650 |
_aStack _9167700 |
||
| 650 |
_aString _9167701 |
||
| 650 |
_aRecurs _9167702 |
||
| 700 |
_aDawra, Sudhir. _9167698 |
||
| 942 |
_2ddc _cBK _e1st _k005.73 DANS |
||
| 999 |
_c185983 _d185983 |
||